[Event "ICS rated blitz match"]
[Site "207.99.83.227"]
[Date "1999.03.19"]
[Round "?"]
[White "DoctorWho"]
[Black "Hossa"]
[Result "1/2-1/2"]
[WhiteElo "2682"]
[BlackElo "2478"]
[PlyCount "116"]

1. d4 Nf6 2. Bg5 d5 3. e3 Bf5 4. Bd3 Bxd3 5. Qxd3 Nc6 6. Nf3 Qd7 7. Nbd2 O-O-O
8. O-O h6 9. Bxf6 gxf6 10. c3 Qg4 11. h3 Qg7 12. Rad1 Rg8 13. g3 e5 14. e4 Qg6
15. Nh4 Qh5 16. exd5 Rxd5 17. Ndf3 Rd8 18. Qh7 Bd6 19. Qf5+ Qxf5 20. Nxf5 Bf8
21. Rfe1 h5 22. Re4 Bd6 23. Rh4 Rh8 24. Ng7 Rdg8 25. Rxh5 Bf8 26. Rxh8 Rxh8 27.
Nf5 Rh5 28. N3h4 Rg5 29. Re1 Kd7 30. g4 Rg8 31. Nf3 Bd6 32. Rd1 a5 33. Nd2 Rg6
34. Ne4 b5 35. a3 Ne7 36. Nh4 Rh6 37. Nf3 Kc6 38. Kh2 Ng6 39. Ng1 Be7 40. b4
axb4 41. d5+ Kd7 42. cxb4 Nf4 43. Nc3 c6 44. dxc6+ Kxc6 45. Ne4 Rh8 46. Ng3 Ra8
47. Nf5 Bf8 48. Rc1+ Kd7 49. Rc3 Nd5 50. Rd3 Kc6 51. Ne2 Nb6 52. Ne3 Bh6 53.
Rc3+ Kd7 54. Nf5 Bf8 55. Ne3 Bh6 56. Nf5 Bf8 57. Rd3+ Kc6 58. Ne3 58... Bh6 {
Game drawn by mutual agreement} 1/2-1/2

[Event "ICS rated blitz match"]
[Site "207.99.83.227"]
[Date "1999.03.19"]
[Round "?"]
[White "tucho"]
[Black "Hossa"]
[Result "1-0"]
[WhiteElo "2332"]
[BlackElo "2463"]
[Annotator "Crafty v16.6"]
[PlyCount "149"]

{annotating for player Hossa using a scoring margin of +0.10 pawns. search
time limit is 12.00} 1. e4 1... c5 2. Nf3 Nc6 3. Bb5 Qb6 ({8:-0.82} 3... Qb6 4.
Nc3 Nf6 5. Be2 Nd4 6. O-O Qb4 7. Nxd4 7... Qxd4 $16) ({8:-0.59} 3... a6 4. Bxc6
dxc6 5. Nc3 Bg4 6. O-O Nf6 7. d3 7... Rc8 $14) 4. Bxc6 Qxc6 5. Nc3 Nf6 ({
9:-0.63} 5... Nf6 6. Qe2 d6 7. O-O Bg4 8. d3 e6 9. Bg5 9... Be7 $14) ({9:-0.38
} 5... d6 6. O-O Bg4 7. d3 f5 8. Bg5 fxe4 9. Nxe4 Nf6 10. Re1 Nxe4 11. Rxe4 $14
) 6. Qe2 d6 7. O-O e5 8. d3 Be7 9. Bg5 Be6 10. Nd2 O-O 11. Nc4 Rae8 ({8:-0.24} 
11... Rae8 12. Ne3 b5 13. Bxf6 Bxf6 14. Ncd5 Be7 15. c4 bxc4 16. dxc4 $10) ({
8:-0.12} 11... Bg4 12. Qd2 h6 13. Nd5 Nxd5 14. exd5 Bxg5 15. Qxg5 hxg5 16. dxc6
$10) 12. Ne3 Qb6 ({9:-0.66} 12... Qb6 13. Bxf6 Bxf6 14. Ncd5 Bxd5 15. Nxd5 Qxb2
16. Nxf6+ gxf6 17. Qg4+ Kh8 18. Qf5 Qd4 19. Qxf6+ Kg8 20. Rab1 $14) ({9:-0.35} 
12... b5 13. Bxf6 Bxf6 14. Ncd5 Bg5 15. Qh5 Bxe3 16. Nxe3 Qd7 17. c4 bxc4 18.
dxc4 $14) 13. b3 Qa5 14. Bxf6 Qxc3 15. Bxe7 Rxe7 16. Qe1 Qd4 17. Qd2 Qb4 18. c3
Qb6 19. c4 Qd8 20. Rab1 Ree8 21. a3 b6 22. b4 Qh4 23. a4 Rd8 24. a5 cxb4 25.
axb6 a5 26. Qa2 Ra8 27. b7 Rab8 28. Qxa5 Rxb7 29. Rxb4 Rbb8 30. Rfb1 Rxb4 31.
Qxb4 Qe7 32. Qb7 Qxb7 33. Rxb7 h5 34. Rb6 Rd8 35. h4 g6 36. Rb7 Ra8 37. Rb6 Rd8
38. Nd5 Bxd5 39. exd5 Rd7 40. g3 Kg7 41. Kg2 Kh6 42. f4 f6 43. Kf3 exf4 44.
gxf4 Rd8 45. Rb7 g5 46. fxg5+ fxg5 47. hxg5+ Kxg5 48. Rg7+ Kh4 49. Ke4 Re8+ 50.
Kf5 Re3 51. Rd7 Rxd3 52. Rxd6 Rc3 53. Rc6 Rd3 54. d6 Kg3 55. Ke4 Rd2 56. c5 Kh4
57. Rc7 Kh3 58. Rh7 h4 59. Ke5 Re2+ 60. Kd5 Rd2+ 61. Kc6 Kg3 62. d7 Kf2 63. Kc7
Ra2 64. c6 Kg2 65. Rxh4 Ra7+ 66. Kb6 Ra8 67. c7 Ra3 68. d8=Q Rb3+ 69. Kc5 Rc3+
70. Kd4 Rc2 71. Kd3 Rc1 72. Qg5+ Kf2 73. Rf4+ Ke1 74. Qe5+ Kd1 75. Rf1# 1-0

[Event "ICS rated blitz match"]
[Site "207.99.83.227"]
[Date "1999.03.19"]
[Round "?"]
[White "Hossa"]
[Black "MITOCAYO"]
[Result "0-1"]
[WhiteElo "2441"]
[BlackElo "2290"]
[Annotator "Crafty v16.6"]
[PlyCount "120"]

{annotating for player Hossa using a scoring margin of +0.10 pawns. search
time limit is 12.00} 1. e4 1... e5 2. Nf3 Nf6 3. Nc3 Nc6 4. Bc4 Nxe4 5. Nxe4 d5
6. Bd3 dxe4 7. Bxe4 Bd6 8. Bxc6+ bxc6 9. Qe2 O-O 10. O-O Qf6 11. Qe3 c5 12. Re1
Re8 13. Qg5 ({9:-0.02} 13. Qg5 13... Qxg5 14. Nxg5 Bf5 15. Ne4 c4 16. b3 cxb3
17. axb3 Red8 18. Nxd6 18... cxd6 $10) ({9:+0.19} 13. d3 13... Bf5 14. Ng5 c4
15. dxc4 Bxc2 16. c5 Bf8 17. Bd2 $10) 13... Qxg5 14. Nxg5 c4 15. Re4 f6 16. Nf3
Be6 17. Nh4 f5 18. Re2 e4 19. g3 Rad8 20. Ng2 c6 21. Ne3 Bc5 22. Nd1 a5 23. Nc3
Bd4 24. Re1 Bf7 25. Rb1 Rd6 26. a3 Bh5 27. Ra1 Bf3 28. a4 Bc5 29. Rb1 Re7 30.
Ne2 Rd8 31. Ra1 Ree8 32. Ra2 g6 33. Nc3 h6 34. Ra1 Kh7 35. Rb1 Bd4 36. Ne2 Ba7
37. Ra1 Bc5 38. Ra2 Rd7 39. Nc3 g5 40. Ra1 Rg7 41. Nb1 f4 42. Na3 fxg3 43. hxg3
h5 44. Nxc4 h4 45. d4 Bxd4 46. c3 Ba7 47. Be3 hxg3 48. fxg3 Bxe3+ 49. Rxe3 g4
50. Nxa5 Rg5 51. Nxc6 Rh5 52. Ra2 Rh1+ 53. Kf2 Rh2+ 54. Ke1 Rh1+ 55. Kf2 Rh2+
56. Ke1 Rh1+ 57. Kf2 Rh2+ 58. Ke1 Rg2 59. Nd4 Rxg3 60. Nxf3 gxf3 0-1

[Event "ICS rated bullet match"]
[Site "207.99.83.227"]
[Date "1999.03.19"]
[Round "?"]
[White "BountyHunter"]
[Black "Hossa"]
[Result "1-0"]
[WhiteElo "2654"]
[BlackElo "2381"]
[Annotator "Crafty v16.6"]
[PlyCount "89"]

{annotating for player Hossa using a scoring margin of +0.10 pawns. search
time limit is 12.00} 1. d4 1... Nf6 2. Bg5 d5 3. Bxf6 exf6 4. e3 Bb4+ 5. c3 Be7
6. Bd3 O-O 7. Nd2 c5 8. dxc5 Bxc5 9. Ne2 Bg4 10. Qc2 g6 11. Nf4 Qd7 12. O-O Nc6
13. h3 Be6 14. Rfd1 Rae8 15. Nf3 Bd6 16. Qa4 Rc8 17. Bc2 b5 18. Qxb5 Bxf4 19.
exf4 Rb8 20. Qa4 Rxb2 21. f5 gxf5 22. Bb3 Qd6 23. Qh4 Qc5 24. Nd4 Rc8 25. Rd3
f4 26. Qxf4 Nxd4 27. Rg3+ Kf8 28. cxd4 Qb4 29. Qxf6 a5 30. Re3 Re8 31. Rae1 Kg8
32. Qg5+ Kh8 33. Rg3 Qxd4 34. Rg4 Rb1 35. Rxd4 Rxe1+ 36. Kh2 Re4 37. Rd3 Rg8
38. Qf6+ Rg7 39. Bxd5 Rf4 40. Qxf4 Bf5 41. Qxf5 h6 42. Rg3 Rxg3 43. fxg3 Kg8
44. Qxf7+ Kh8 45. Qg8# 1-0

[Event "ICS rated blitz match"]
[Site "207.99.83.227"]
[Date "1999.03.19"]
[Round "?"]
[White "tucho"]
[Black "Hossa"]
[Result "1/2-1/2"]
[WhiteElo "2368"]
[BlackElo "2418"]
[PlyCount "94"]

1. e4 c5 2. Nf3 Nc6 3. Bb5 a6 4. Bxc6 dxc6 5. O-O Bg4 6. h3 Bxf3 7. Qxf3 e6 8.
d3 Bd6 9. Nd2 Ne7 10. Nc4 O-O 11. Bg5 Bc7 12. Qg4 Qd7 13. Ne3 Qd6 14. g3 Qd7
15. Rad1 f6 16. Bf4 f5 17. exf5 Nxf5 18. Nxf5 exf5 19. Qf3 Bxf4 20. Qxf4 Qf7
21. b3 Qh5 22. Kh2 Rad8 23. Rde1 Qf7 24. Qc4 Qxc4 25. bxc4 Rde8 26. Kg2 b6 27.
Kf3 b5 28. a3 h5 29. h4 a5 30. Re3 Rxe3+ 31. fxe3 bxc4 32. dxc4 Re8 33. Rb1 Re4
34. Rb6 Rxc4 35. Rxc6 Kf7 36. Rc7+ Kf6 37. Rc6+ Ke5 38. Rg6 Rxc2 39. Rxg7 Rc3
40. Rg5 Rxa3 41. Rxh5 Ra4 42. Rh8 Rc4 43. h5 Kf6 44. Rg8 Kf7 45. Rg5 Kf6 46.
Rg8 Kf7 47. Rg5 47... Kf6 {Game drawn by mutual agreement} 1/2-1/2

[Event "ICS rated blitz match"]
[Site "207.99.83.227"]
[Date "1999.03.19"]
[Round "?"]
[White "tucho"]
[Black "Hossa"]
[Result "0-1"]
[WhiteElo "2388"]
[BlackElo "2398"]
[PlyCount "38"]

1. e4 d6 2. d4 Nf6 3. Nc3 Nbd7 4. Be3 e5 5. f3 Be7 6. Nge2 O-O 7. Qd2 Nb6 8.
Ng3 exd4 9. Bxd4 d5 10. e5 Nfd7 11. f4 c5 12. Bf2 d4 13. Nce4 f5 14. exf6 Nxf6
15. O-O-O Nxe4 16. Nxe4 Qd5 17. Ng5 Qxa2 18. Qd3 Bxg5 19. fxg5 19... Bg4 {
tucho resigns} 0-1

[Event "ICS rated bullet match"]
[Site "207.99.83.227"]
[Date "1999.03.19"]
[Round "?"]
[White "TDChess"]
[Black "Hossa"]
[Result "1-0"]
[WhiteElo "2659"]
[BlackElo "2375"]
[Annotator "Crafty v16.6"]
[PlyCount "159"]

{annotating for player Hossa using a scoring margin of +0.10 pawns. search
time limit is 12.00} 1. Nf3 1... Nc6 2. e4 Nf6 3. e5 Ng4 4. d4 d6 5. Bb5 dxe5
6. h3 e4 7. hxg4 exf3 8. Bxc6+ bxc6 9. Qxf3 Bb7 10. Be3 Qd5 11. Nc3 Qxf3 12.
gxf3 e6 13. O-O-O Be7 ({9:-0.56} 13... Be7 14. Rh5 g6 15. Rh6 Bf8 16. Rh3 Bb4
17. Bf4 17... O-O-O $14) ({9:-0.42} 13... Bb4 14. Ne4 Ba6 15. Bd2 Be7 16. Rde1
Bc4 17. Ng5 17... Rd8 $14) 14. g5 O-O ({9:-0.86} 14... O-O 15. Rh3 f5 16. Rdh1
f4 17. Bd2 c5 18. Rxh7 18... cxd4 $16) ({9:-0.37} 14... c5 15. Rh3 cxd4 16.
Rxd4 Ba6 17. Ra4 Bf1 18. Rh5 f6 19. f4 $14) 15. Bf4 Bd6 ({8:-0.63} 15... Bd6
16. Bxd6 cxd6 17. Ne4 Rad8 18. Kd2 f5 19. Ng3 19... c5 $14) ({8:-0.40} 15... f6
16. g6 hxg6 17. Bxc7 Rac8 18. Bf4 g5 19. Bg3 $14) 16. Bxd6 cxd6 17. Ne4 Rfd8
18. Rh3 c5 19. dxc5 Bxe4 20. fxe4 dxc5 21. Rdh1 h6 22. gxh6 gxh6 23. Rxh6 Kg7
24. R6h5 c4 25. Rg1+ Kf6 26. e5+ Ke7 27. Rg4 Rac8 28. Rf4 Rc6 29. Rh7 Rf8 30.
Kd2 Rc5 31. Kc3 Rxe5 32. Rxc4 Kd6 33. Rf4 Rc8+ 34. Kd2 Ra5 35. a3 Rac5 36. c3
Rb5 37. Kc1 Rcb8 38. b4 Rc8 39. Rfxf7 a6 40. Kc2 Rb6 41. Rd7+ Ke5 42. Rd4 Rbc6
43. Rd3 Kf6 44. a4 Rc4 45. Rh6+ Kf5 46. Kb3 R4c6 47. Rh5+ Kg4 48. Ra5 Rf8 49.
b5 axb5 50. axb5 Rb6 51. Rd2 Rb7 52. c4 Rc8 53. Kb4 Rbc7 54. Rd4+ Kf3 55. Ra2
e5 56. Rh4 Rc5 57. b6 e4 58. Rh3+ Kf4 59. b7 Rxc4+ 60. Kb3 R4c5 61. Ra5 Rb8 62.
Rxc5 Rxb7+ 63. Kc3 Rf7 64. Rh4+ Kf3 65. Kd4 Kxf2 66. Rxe4 Rd7+ 67. Rd5 Rf7 68.
Re3 Rf4+ 69. Kd3 Rf7 70. Rd8 Rf4 71. Rd4 Rf6 72. Rd7 Kg2 73. Kd4 Kf2 74. Rd3
Rf4+ 75. Kc3 Re4 76. Rf7+ Ke2 77. Rd2+ Ke1 78. Rh7 Re3+ 79. Kc2 Re2 80. Rh2 1-0

[Event "ICS rated blitz match"]
[Site "207.99.83.227"]
[Date "1999.03.19"]
[Round "?"]
[White "Hossa"]
[Black "tucho"]
[Result "1-0"]
[WhiteElo "2414"]
[BlackElo "2369"]
[PlyCount "34"]

1. e4 c5 2. Bc4 d6 3. Nf3 e6 4. O-O Nc6 5. Nc3 Nf6 6. d4 cxd4 7. Nxd4 Be7 8.
Bf4 Nxd4 9. Qxd4 e5 10. Bxe5 dxe5 11. Qxe5 O-O 12. Rad1 Bd7 13. Bb5 Qe8 14.
Bxd7 Nxd7 15. Qc7 Nf6 16. e5 Bd8 17. Qxb7 17... Bb6 {tucho resigns} 1-0

[Event "ICS rated blitz match"]
[Site "207.99.83.227"]
[Date "1999.03.19"]
[Round "?"]
[White "tucho"]
[Black "Hossa"]
[Result "0-1"]
[WhiteElo "2354"]
[BlackElo "2413"]
[PlyCount "30"]

1. e4 d6 2. d4 Nf6 3. Nc3 Nbd7 4. f3 e5 5. Be3 Be7 6. Nge2 O-O 7. Qd2 Nb6 8.
Ng3 exd4 9. Bxd4 d5 10. exd5 Nfxd5 11. Nxd5 Nxd5 12. Ne4 f5 13. Nc3 Re8 14. Be2
Bg5 15. Qd3 15... Nf4 {tucho resigns} 0-1

[Event "ICS rated bullet match"]
[Site "207.99.83.227"]
[Date "1999.03.19"]
[Round "?"]
[White "FifthAvenue"]
[Black "Hossa"]
[Result "0-1"]
[WhiteElo "2408"]
[BlackElo "2367"]
[PlyCount "78"]

1. d3 e5 2. e3 Nc6 3. Be2 Bc5 4. Nd2 Nf6 5. a3 O-O 6. b4 Nd5 7. c4 Nc3 8. Qc2
Nxe2 9. Nxe2 Be7 10. O-O d6 11. Ng3 Be6 12. Bb2 Rc8 13. d4 exd4 14. exd4 d5 15.
c5 Bf6 16. Nb3 Ne7 17. b5 c6 18. a4 Qd7 19. Qd3 Rfe8 20. Rfe1 Bg4 21. h3 Be6
22. Re2 Qc7 23. Rae1 cxb5 24. axb5 Ng6 25. Qd2 Nf4 26. Re3 Bg5 27. Bc3 Qd7 28.
c6 bxc6 29. Nc5 Qd8 30. Nxe6 Nxe6 31. bxc6 Bxe3 32. fxe3 Qg5 33. Rf1 Qxg3 34.
Rf3 Qg6 35. Qf2 Rxc6 36. Be1 Rc1 37. Kh2 Nxd4 38. exd4 Rexe1 39. Qg3 39... Rh1#
{FifthAvenue checkmated} 0-1

[Event "ICS rated bullet match"]
[Site "207.99.83.227"]
[Date "1999.03.19"]
[Round "?"]
[White "TDChess"]
[Black "Hossa"]
[Result "1-0"]
[WhiteElo "2669"]
[BlackElo "2385"]
[Annotator "Crafty v16.6"]
[PlyCount "115"]

{annotating for player Hossa using a scoring margin of +0.10 pawns. search
time limit is 12.00} 1. Nf3 1... Nc6 2. e4 Nf6 3. e5 Ng4 4. d4 d6 5. Bb5 dxe5
6. h3 e4 7. hxg4 exf3 8. Bxc6+ bxc6 9. Qxf3 Bb7 10. Be3 Qd5 11. Nc3 Qxf3 12.
gxf3 e6 13. O-O-O Be7 ({9:-0.56} 13... Be7 14. Rh5 g6 15. Rh6 Bf8 16. Rh3 Bb4
17. Bf4 17... O-O-O $14) ({9:-0.42} 13... Bb4 14. Ne4 Ba6 15. Bd2 Be7 16. Rde1
Bc4 17. Ng5 17... Rd8 $14) 14. Kb1 O-O 15. Bf4 c5 16. d5 Bf6 17. Ne4 Bd4 18. c3
exd5 19. cxd4 dxe4 20. dxc5 e3 21. Rh3 exf2 22. Rf1 f5 23. g5 Rac8 24. Rxf2
Rfe8 25. Rd2 Bc6 26. Kc2 a5 27. Kb3 Rb8+ 28. Ka3 Rb5 29. Bxc7 Rxc5 30. Bb6 Rb5
31. Ba7 Rb7 32. Bc5 h5 33. gxh6 gxh6 34. Rd6 Rc8 35. Rdxh6 Kf7 36. Bd4 Rb4 37.
Rf6+ Kg8 38. Rg3+ Kh7 39. Rf7+ Kh6 40. Be3+ f4 41. Bxf4+ Rxf4 42. Rxf4 Kh5 43.
Rf5+ Kh6 44. Rf6+ Kh5 45. f4 Kh4 46. Rg1 Rh8 47. Rxc6 Kh3 48. Rh1+ Kg4 49. Rxh8
Kxf4 50. b3 Ke4 51. Rc4+ Ke5 52. Ra4 Kf5 53. Rxa5+ Kf4 54. Rf8+ Ke4 55. Kb2 Ke3
56. Kc3 Ke4 57. Rff5 Ke3 58. Rae5# 1-0

[Event "ICS rated bullet match"]
[Site "207.99.83.227"]
[Date "1999.03.19"]
[Round "?"]
[White "Hossa"]
[Black "sienna"]
[Result "0-1"]
[WhiteElo "2380"]
[BlackElo "2766"]
[Annotator "Crafty v16.6"]
[PlyCount "90"]

{annotating for player Hossa using a scoring margin of +0.10 pawns. search
time limit is 12.00} 1. e4 1... c5 2. Bc4 e6 3. Nc3 a6 4. a4 ({9:+0.06} 4. a4
4... Nf6 5. e5 d5 6. exd6 Bxd6 7. Nf3 Nc6 8. O-O 8... O-O $10) ({9:+0.32} 4.
Nf3 4... Nc6 5. d4 b5 6. Be2 b4 7. Na4 cxd4 8. Nxd4 8... Nge7 $14) 4... Nc6 5.
Nf3 Nf6 6. O-O Be7 7. d4 ({9:+0.05} 7. d4 7... d5 8. exd5 exd5 9. Be2 O-O 10.
Bg5 c4 11. b3 Bg4 12. bxc4 dxc4 13. Bxc4 Bxf3 14. Qxf3 14... Qxd4 $10) ({
9:+0.27} 7. e5 7... Ng4 8. Qe2 O-O 9. Qe4 Nh6 10. d3 Nf5 11. Bf4 $10) 7... d5
8. exd5 exd5 9. Ba2 Bg4 10. dxc5 ({8:-0.44} 10. dxc5 10... d4 11. Nb1 O-O 12.
Bg5 Bxc5 13. Bc4 13... Re8 $15) ({8:-0.13} 10. Bg5 10... Nxd4 11. Bxf6 Bxf6 12.
Re1+ Kf8 13. Bxd5 Nxf3+ 14. Bxf3 Bxc3 15. bxc3 Qxd1 16. Bxd1 $10) 10... d4 11.
Nb1 O-O 12. Nbd2 Bxc5 13. Nb3 Qd6 14. Bg5 Ne4 15. Bh4 Rae8 16. Nxc5 Qxc5 17.
Re1 Nd6 18. Rxe8 Rxe8 19. Bg3 Ne4 20. h3 Nxg3 21. hxg4 Ne2+ 22. Kf1 Qb4 23. Ng5
Nd8 24. Bb3 Qd6 25. Bc4 Qh2 26. Be6 Nf4 27. Ke1 Qg1+ 28. Kd2 Qxf2+ 29. Kc1
Ndxe6 30. Ne4 Qxg2 31. Nd6 Rd8 32. Nf5 Ne2+ 33. Kb1 Qxg4 34. Qd3 Nc5 35. Ne7+
Kf8 36. Qc4 Qh5 37. Nf5 Qxf5 38. Qxe2 d3 39. cxd3 Rxd3 40. Ka2 Qd5+ 41. Kb1
Rd1+ 42. Qxd1 Qxd1+ 43. Ka2 Qb3+ 44. Kb1 Nd3 45. Ra3 Qxb2# 0-1

[Event "ICS Rated blitz match"]
[Site "207.99.83.227"]
[Date "1999.03.19"]
[Round "?"]
[White "Hossa"]
[Black "pharaon"]
[Result "1-0"]
[WhiteElo "2380"]
[BlackElo "2465"]
[PlyCount "132"]

1. e4 c5 2. Bc4 e6 3. Nc3 a6 4. a4 Nc6 5. Nf3 Nf6 6. O-O d5 7. exd5 exd5 8. Bb3
c4 9. Ba2 d4 10. Re1+ Be7 11. Nb1 b5 12. axb5 axb5 13. Na3 Nb4 14. Bb1 O-O 15.
Nxd4 Bc5 16. Nf3 Ng4 17. Rf1 Bf5 18. h3 Nf6 19. Nh4 Be4 20. Kh1 Re8 21. Nf3 Be7
22. Kg1 Bd6 23. Nd4 Re5 24. d3 cxd3 25. cxd3 Bc5 26. dxe4 Bxd4 27. Qe2 Qd5 28.
Bf4 Rxe4 29. Bxe4 Nxe4 30. Rad1 Nxf2 31. Rxf2 Bxf2+ 32. Kxf2 Qf5 33. g3 Qxh3
34. Qe4 Qh2+ 35. Ke3 Rf8 36. Rh1 Nd5+ 37. Qxd5 Re8+ 38. Kd3 Qe2+ 39. Kc3 b4+
40. Kxb4 Qxb2+ 41. Ka4 Qe2 42. Nb5 h6 43. Rc1 Re4+ 44. Ka5 Re7 45. Bd6 Re8 46.
Rc7 Qe1+ 47. Kb6 Qf1 48. Bf4 Rb8+ 49. Kc6 Rf8 50. Kc5 Qf2+ 51. Nd4 Qb2 52. Qc4
Qa3+ 53. Kc6 Qa8+ 54. Kb6 Rb8+ 55. Kc5 Qa3+ 56. Kd5 Qa8+ 57. Nc6 Rd8+ 58. Bd6
g6 59. Ra7 Rxd6+ 60. Kxd6 Qe8 61. Re7 Qf8 62. Ne5 Qb8+ 63. Kc5 Qf8 64. Qxf7+
Qxf7 65. Rxf7 Kh8 66. Nxg6+ 66... Kg8 {pharaon resigns} 1-0

[Event "ICS Rated blitz match"]
[Site "207.99.83.227"]
[Date "1999.03.19"]
[Round "?"]
[White "Hossa"]
[Black "pharaon"]
[Result "0-1"]
[WhiteElo "2400"]
[BlackElo "2447"]
[Annotator "Crafty v16.6"]
[PlyCount "180"]

{annotating for player Hossa using a scoring margin of +0.10 pawns. search
time limit is 12.00} 1. e4 1... c5 2. Bc4 e6 3. Nc3 Nc6 4. Nf3 Nf6 5. O-O d5 6.
exd5 exd5 7. Bb5 Be7 8. d4 O-O 9. Bg5 cxd4 10. Nxd4 Qb6 11. Be3 Qc7 12. Nf3 a6
13. Ba4 Be6 14. Rc1 Bb4 15. Ne2 Ng4 16. Bf4 Bd6 17. Bxd6 Qxd6 18. Bxc6 bxc6 19.
b3 Ne5 20. Nxe5 Qxe5 21. Nd4 Bd7 22. Re1 Qf4 23. Qd3 Rfe8 24. Rcd1 Rxe1+ 25.
Rxe1 c5 26. Nf3 Be6 27. c3 Qh6 28. Ne5 Qf4 29. Re3 d4 30. Re1 h6 31. cxd4 Qxd4
32. Qe2 Qd6 33. Rd1 Qc7 34. Rc1 Bd5 35. Nd3 c4 36. Nb4 Be6 37. bxc4 a5 38. Qe4
Rd8 39. Nd3 Qd6 40. Ne5 Qd2 41. Qb1 Bf5 42. Qa1 Be4 43. Re1 Ba8 44. f3 Re8 45.
a3 Bc6 46. Kh1 Ba4 47. Re4 f6 48. Ng6 Rxe4 49. fxe4 Bc2 50. Ne7+ Kf7 51. Nc8
Bxe4 52. Qg1 Bxg2+ 53. Qxg2 Qe1+ 54. Qg1 Qe4+ 55. Qg2 Qb1+ 56. Qg1 Qb7+ 57. Qg2
Qxc8 58. Qd5+ Qe6 59. Qxa5 Qxc4 60. Kg1 Qc1+ 61. Kg2 Qc6+ 62. Kg3 Qd6+ 63. Kh3
Qe6+ 64. Kg3 Qe3+ 65. Kg2 Qg5+ 66. Qxg5 hxg5 67. Kf3 f5 68. Ke3 Ke6 69. Kd4 g4
70. a4 f4 71. Ke4 f3 72. Ke3 Kd5 73. a5 Kc5 74. a6 Kb6 75. a7 Kxa7 76. Kd3 Kb6
77. Kd2 Kc5 78. Ke3 Kc4 79. Kf2 Kd3 80. Kg3 Ke3 81. Kxg4 f2 82. Kf5 f1=Q+ 83.
Ke6 Qh3+ 84. Kd5 Qxh2 85. Ke6 Kd4 86. Kf5 Qd6 87. Kg4 Ke4 88. Kh4 Kf3 89. Kg5
Qc6 90. Kf5 Qf6# 0-1

[Event "ICS Rated blitz match"]
[Site "207.99.83.227"]
[Date "1999.03.19"]
[Round "?"]
[White "Zippy"]
[Black "Hossa"]
[Result "1-0"]
[WhiteElo "2186"]
[BlackElo "2386"]
[Annotator "Crafty v16.6"]
[PlyCount "122"]

{annotating for player Hossa using a scoring margin of +0.10 pawns. search
time limit is 12.00} 1. e4 1... d6 2. d4 e6 3. Nc3 Nf6 4. Bg5 Be7 5. Nf3 O-O 6.
Bb5 c6 7. Bd3 Qb6 ({8:-0.55} 7... Qb6 8. Rb1 e5 9. dxe5 dxe5 10. O-O Qd8 11.
Nxe5 Nxe4 12. Nxe4 Bxg5 13. Nxg5 13... Qxg5 $14) ({8:-0.28} 7... d5 8. e5 Ne4
9. Bxe7 Qxe7 10. O-O Nxc3 11. bxc3 Nd7 12. Qd2 $10) 8. b3 c5 9. e5 dxe5 10.
dxe5 Qa5 11. Qd2 Nd5 12. Nxd5 Qxd2+ 13. Nxd2 Bxg5 14. Nc7 Bxd2+ 15. Kxd2 Nc6
16. Nxa8 Bd7 17. Nc7 Nxe5 18. Be2 Rc8 19. Nb5 Bc6 20. Ke3 Bxg2 21. Rhg1 Bh3 22.
Nxa7 Rd8 23. f4 Ng6 24. Rgd1 Re8 25. Bf1 Bf5 26. Bd3 Bxd3 27. Rxd3 e5 28. f5
Nf8 29. Rd5 b6 30. a4 Ra8 31. Nc6 f6 32. a5 Ra6 33. axb6 Rxb6 34. Rxc5 Rb7 35.
b4 g6 36. fxg6 hxg6 37. b5 Rh7 38. Rf1 Nd7 39. Rd5 Nb6 40. Rd3 Kg7 41. Rf2 Rh5
42. c3 Rh4 43. Ke2 Re4+ 44. Kf3 Rc4 45. Rd6 Nc8 46. Rd7+ Kh6 47. Ke2 f5 48. Kd3
Rc5 49. Rb2 Nb6 50. Ra7 e4+ 51. Kc2 Nd5 52. Rb3 Ne3+ 53. Kc1 Rd5 54. Nd4 Rd8
55. b6 Ng4 56. b7 Rb8 57. Nc6 Rxb7 58. Rbxb7 Kg5 59. Rg7 Nxh2 60. Ne7 Nf3 61.
Nxg6 Kh6 1-0

[Event "ICS rated bullet match"]
[Site "207.99.83.227"]
[Date "1999.03.19"]
[Round "?"]
[White "JSBach"]
[Black "Hossa"]
[Result "0-1"]
[WhiteElo "2031"]
[BlackElo "2396"]
[PlyCount "192"]

1. e4 d6 2. Bc4 Nf6 3. Nc3 Nc6 4. Nf3 Nxe4 5. Nxe4 d5 6. Bd3 dxe4 7. Bxe4 Bg4
8. Bxc6+ bxc6 9. h3 Bxf3 10. Qxf3 Qd5 11. Qxd5 cxd5 12. d4 e6 13. Bf4 Bd6 14.
Bxd6 cxd6 15. Rc1 Kd7 16. Rg1 Rab8 17. b3 e5 18. Rd1 Rhc8 19. dxe5 Rxc2 20.
Rxd5 Rxa2 21. Rxd6+ Kc7 22. f4 Rxb3 23. Rd1 Re3+ 24. Kf1 Ree2 25. Rc1+ Rec2 26.
Rb1 Rf2+ 27. Ke1 Rxf4 28. Rc1+ Kb6 29. Rb1+ Ka5 30. Rf1 Rxf1+ 31. Kxf1 Ka6 32.
Rd1 h5 33. Rd6+ Kb5 34. Rd7 f6 35. e6 Ra1+ 36. Kf2 Kc6 37. Rxg7 Ra2+ 38. Ke3
Ra5 39. Kf4 Kd6 40. e7 Kd7 41. Kf3 Rf5+ 42. Ke4 Re5+ 43. Kd4 Rxe7 44. Rg6 Ke6
45. Rh6 Rg7 46. Rxh5 Rxg2 47. Rc5 Rg5 48. Rc6+ Kf5 49. Ra6 Rg7 50. Rd6 Rf7 51.
Rd8 Rh7 52. Ra8 Kf4 53. Rf8 f5 54. Ra8 Re7 55. h4 Rd7+ 56. Kc3 Ke4 57. Re8+ Kf3
58. Re5 Kf4 59. Rc5 Kg4 60. Kb4 Rf7 61. Kc3 Kxh4 62. Kd4 Kg3 63. Rc3+ Kf4 64.
Rc5 Kf3 65. Kd5 f4 66. Ke6 Rh7 67. Rd5 Kg2 68. Rg5+ Kf2 69. Rb5 Rh6+ 70. Kd7 f3
71. Re5 a6 72. Kc7 Kf1 73. Kd7 Rh4 74. Ra5 Rh7+ 75. Ke8 Ra7 76. Ra1+ Kf2 77.
Ra5 Kg1 78. Ra1+ Kg2 79. Ra5 Rg7 80. Rxa6 f2 81. Ra2 Kg1 82. Kf8 f1=Q+ 83. Kxg7
Qc4 84. Ra1+ Kg2 85. Rb1 Qg4+ 86. Kf6 Qf4+ 87. Kg7 Qg5+ 88. Kf7 Qf5+ 89. Kg7
Qxb1 90. Kf7 Qe4 91. Kf6 Kh3 92. Kf7 Kg4 93. Kf6 Qe8 94. Kg7 Kg5 95. Kh7 Kf6
96. Kh6 96... Qh8# {JSBach checkmated} 0-1

[Event "ICS rated blitz match"]
[Site "207.99.83.227"]
[Date "1999.03.19"]
[Round "?"]
[White "pharaon"]
[Black "Hossa"]
[Result "1-0"]
[WhiteElo "2461"]
[BlackElo "2362"]
[PlyCount "105"]

1. e4 e5 2. Nf3 Nc6 3. Bb5 a6 4. Ba4 Nf6 5. O-O Be7 6. Re1 b5 7. Bb3 O-O 8. a4
Bb7 9. d3 d6 10. Nc3 Na5 11. Ba2 b4 12. Ne2 Qd7 13. Bd2 c5 14. c3 bxc3 15. Bxc3
Nc6 16. Ng3 Nd4 17. Bc4 Rab8 18. Nxd4 exd4 19. Ba5 Rfe8 20. Bb3 Bc8 21. Qc2 Bf8
22. Bc4 Re5 23. Rab1 Bb7 24. Bd2 Ree8 25. Bf4 Qg4 26. Qd2 Bc8 27. e5 dxe5 28.
Bxe5 Rb6 29. Qa5 Nd7 30. Bc7 Rxe1+ 31. Qxe1 Rb4 32. Qe8 Rxc4 33. dxc4 Nf6 34.
Qd8 Qd7 35. Re1 Bb7 36. Qxd7 Nxd7 37. Nf5 g6 38. Ne7+ Kg7 39. Nd5 Bc6 40. b3
Kh6 41. f3 g5 42. Ne7 Bxe7 43. Rxe7 Kg6 44. Kf1 h5 45. f4 gxf4 46. Bxf4 f6 47.
Re6 Bb7 48. Rd6 Bc8 49. Rc6 Bb7 50. Rc7 Bxg2+ 51. Kxg2 Nf8 52. Rc6 Nd7 53. Rxa6
{Hossa resigns} 1-0

[Event "ICS rated bullet match"]
[Site "207.99.83.227"]
[Date "1999.03.19"]
[Round "?"]
[White "JSBach"]
[Black "Hossa"]
[Result "0-1"]
[WhiteElo "2004"]
[BlackElo "2399"]
[PlyCount "104"]

1. e4 e5 2. Qh5 Nc6 3. Bc4 g6 4. Qf3 Nf6 5. Qb3 Nd4 6. Qd3 d5 7. exd5 Bf5 8.
Qc3 Nxc2+ 9. Kd1 Nxa1 10. Qxe5+ Qe7 11. Qxe7+ Bxe7 12. d3 Bd7 13. Nc3 Ng4 14.
Be3 Nxe3+ 15. fxe3 Bf6 16. Nge2 Bg4 17. Re1 Bxc3 18. bxc3 O-O-O 19. e4 Bh5 20.
Rf1 Rhf8 21. e5 Rde8 22. d4 Rd8 23. e6 fxe6 24. Rxf8 Rxf8 25. dxe6 Rf2 26. h4
Rxg2 27. d5 Rh2 28. e7 Kd7 29. e8=N Kxe8 30. a3 Rxh4 31. Bb5+ Kf7 32. Kc1 a6
33. Bd3 Bxe2 34. Bxe2 Nb3+ 35. Kc2 Nc5 36. Kc1 Kf6 37. Kb1 Ne4 38. Kc2 Rh2 39.
Kd3 Rxe2 40. Kxe2 Nxc3+ 41. Kf3 Nxd5 42. Ke4 c6 43. Kf3 Kg5 44. Kf2 Kf4 45. Kg1
g5 46. Kf2 g4 47. Kg1 Kg3 48. Kh1 Kf2 49. a4 g3 50. a5 g2+ 51. Kh2 g1=Q+ 52.
Kh3 52... Qg3# {JSBach checkmated} 0-1

[Event "ICS rated bullet match"]
[Site "207.99.83.227"]
[Date "1999.03.19"]
[Round "?"]
[White "Hossa"]
[Black "JSBach"]
[Result "1-0"]
[WhiteElo "2402"]
[BlackElo "2001"]
[PlyCount "75"]

1. e4 e5 2. Nf3 Nf6 3. Nc3 Bd6 4. Bb5 c6 5. Bc4 b5 6. d4 bxc4 7. dxe5 Bb4 8.
exf6 Bxc3+ 9. bxc3 Qxf6 10. e5 Qf5 11. O-O Na6 12. Ba3 Bb7 13. Rb1 Bc8 14. Qd6
c5 15. Bxc5 Nxc5 16. Qxc5 Qxc2 17. Qd5 Bb7 18. Rxb7 O-O 19. Rxd7 Qxc3 20. Rxf7
Kh8 21. Rc7 Rfc8 22. Qc6 Rd8 23. Qxc4 Qxc4 24. Rxc4 Rdb8 25. Rc2 h5 26. Ng5 Rb7
27. f4 Kg8 28. Kf2 Rab8 29. Kg3 g6 30. Kh4 Kh8 31. Ne4 Rd7 32. Kg5 Rd4 33. Nf6
Rbd8 34. Rc7 R8d7 35. Nxd7 Rd2 36. Nf6 Rd7 37. Rxd7 a5 38. Rh7# {
JSBach checkmated} 1-0